| 000 | 00583nam a22001937a 4500 | ||
|---|---|---|---|
| 999 |
_c525910 _d525910 |
||
| 003 | NUST | ||
| 005 | 20190707135937.0 | ||
| 008 | 190705b ||||| |||| 00| 0 eng d | ||
| 038 | _aMr. Zahoor | ||
| 082 | _a510 | ||
| 100 |
_aUmair, Mohsin _916853 |
||
| 245 |
_aExact Solutions of Monge-Ampere and Zabolotskaya-Khokhlov Equations Using Optimal System / _c Mohsin Umair |
||
| 260 |
_aIslambad : _bSNS - NUST, _c2017. |
||
| 300 |
_a80 p. : _c30cm. |
||
| 500 | _aHardcover. | ||
| 650 |
_aMathematics - M.Phil Thesis _916594 |
||
| 700 |
_aDr. Tooba Feroz _916854 |
||
| 942 |
_2ddc _cTHE |
||